Catálogo - Centro de Recursos para el Aprendizaje y la Investigación

Volver al Sitio - CRAI Biblioteca

Francia en la isla de Santo Domingo / (Registro nro. 114491)

Detalles MARC
000 -CABECERA
campo de control de longitud fija 03263nam a2200265 4500
001 - NÚMERO DE CONTROL
campo de control 114491
003 - IDENTIFICADOR DEL NÚMERO DE CONTROL
campo de control DR-UNIBE
005 - FECHA Y HORA DE LA ÚLTIMA TRANSACCIÓN
campo de control 20260319144138.0
008 - DATOS DE LONGITUD FIJA--INFORMACIÓN GENERAL
campo de control de longitud fija 260319b2006 dr ||||| |||| 00| 0 spa d
040 ## - FUENTE DE LA CATALOGACIÓN
Centro catalogador/agencia de origen BIBLIOTECA UNIBE
Lengua de catalogación spa
Centro/agencia transcriptor BIBLIOTECA UNIBE
041 ## - CÓDIGO DE LENGUA
Código de lengua del texto/banda sonora o título independiente spa
082 ## - NÚMERO DE LA CLASIFICACIÓN DECIMAL DEWEY
Número de edición 22
Número de clasificación RD 972.9303 P936f 2006
100 1# - ENTRADA PRINCIPAL--NOMBRE DE PERSONA
Nombre de persona Prestinary, Carmen H.
Término indicativo de función/relación autor
9 (RLIN) 203506
245 10 - MENCIÓN DE TÍTULO
Título Francia en la isla de Santo Domingo /
Mención de responsabilidad, etc. Carmen H. Prestinary
250 ## - MENCIÓN DE EDICIÓN
Mención de edición Primera edición
260 ## - PUBLICACIÓN, DISTRIBUCIÓN, ETC.
Lugar de publicación, distribución, etc. Santo domingo :
Nombre del editor, distribuidor, etc. Fundación de Estudios Económicos y Políticos, Inc. (Fundesep) :
-- Comisión Permanente de Efemerides Patrias,
Fecha de publicación, distribución, etc. 2006
300 ## - DESCRIPCIÓN FÍSICA
Extensión 180 páginas ;
Dimensiones 23 cm
490 ## - MENCIÓN DE SERIE
Mención de serie Documentos de la República
505 0# - NOTA DE CONTENIDO CON FORMATO
Nota de contenido con formato 1. Prólogo |<br/>2. Introducción |<br/>3. Notas sobre la parte española, informe anónimo al gobierno francés |<br/>4. Hoja de servicio militar de Ferrand |<br/>5. Carta de Ferrand como inspector general de remontes al ministro de la guerra |<br/>6. Carta del ministro de la marina y las colonias al ministro de la guerra sobre el envío de Ferrand a Santo Domingo |<br/>7. Carta del comisario de Santo Domingo al ministro de marina remitiendo una carta del Consejo de Notables de Santo Domingo |<br/>8. Carta del gobernador de la isla de Puerto Rico a la corona española informando la entrega de banderas españolas por Ferrand que se encontraban en uso por el batallón español de Santo Domingo |<br/>9. Instrucciones dadas a Ferrand para la administración de la parte este de la isla de Santo Domingo, enviadas por Napoleón |<br/>10. Decreto de Ferrand del 23 de febrero de 1807, introduciendo modificaciones en la organización judicial |<br/>11. Extracto de decreto de Ferrand del 20 de mayo de 1807, introduciendo modificaciones al Código de Procedimiento Civil |<br/>12. Extracto del decreto de Ferrand del 1ro. de septiembre de 1807, introduciendo modificaciones al Código de Procedimiento Criminal |<br/>13. Decreto de Ferrand del 1ro. de diciembre de 1807, regulando las concesiones de terrenos en la península de Samaná |<br/>14. Extracto del decreto de Ferrand del 31 de diciembre de 1807, instaurando del Código Napoleónico de Santo Domingo |<br/>15. Memorias de Ferrand sobre la situación de la parte Este de Santo Domingo en sus diferentes áreas: tropas, marina, policía general, agricultura, comercio, finanzas, propiedades nacionales y cultos, encabezadas por su carta de remisión |<br/>16. Relación sumaria de los despachos de Ferrand del 1ro de agosto de 1808 enviados al ministro de la marina |<br/>17. Presupuesto militar de Santo Domingo para el año 1808 |<br/>18. Composición militar francesa: Gran Estado Mayor, Estado Mayor y Compañía<br/>
520 3# - SUMARIO, ETC.
Sumario, etc. "Recoge una parte importante de la documentación oficial del gobierno francés en la parte Este de la isla de Santo Domingo, hoy República Dominicana, cuando en ella fueron introducidos los códigos napoleónicos y se tomaron las primeras medidas para organizar la defensa ante la pérdida por parte de Francia, de la parte Oeste, tras la independencia de Haití".
651 #7 - PUNTO DE ACCESO ADICIONAL DE MATERIA--NOMBRE GEOGRÁFICO
Fuente del encabezamiento o término lemb
Nombre geográfico República Dominicana
Subdivisión general Historia
Subdivisión cronológica Gobierno colonial francés, 1795-1809
9 (RLIN) 193934
651 #7 - PUNTO DE ACCESO ADICIONAL DE MATERIA--NOMBRE GEOGRÁFICO
Fuente del encabezamiento o término lemb
Nombre geográfico Haití
Subdivisión general Historia
9 (RLIN) 16314
700 1# - PUNTO DE ACCESO ADICIONAL--NOMBRE DE PERSONA
Nombre de persona Lockward, Ángel,
Fechas asociadas al nombre 1955-
Término indicativo de función/relación prologuista
9 (RLIN) 203507
942 ## - ELEMENTOS DE PUNTO DE ACCESO ADICIONAL (KOHA)
Fuente del sistema de clasificación o colocación Sistema de Clasificación Decimal Dewey
Tipo de ítem Koha Libro (general)
Existencias
Estado de retiro Estado de pérdida Fuente del sistema de clasificación o colocación No para préstamo Código de colección Localización permanente Fecha de adquisición Total de préstamos Signatura topográfica completa Código de barras Fecha visto por última vez Número de copia Precio válido a partir de Tipo de ítem Koha
  Disponible Sistema de Clasificación Decimal Dewey   General - Libros dominicanos Biblioteca Central UNIBE 19/01/2026   RD 972.9303 P936f 2006 260181 19/03/2026 Ej. 1 19/03/2026 Libro (general)